Mathematical work in educational context. The perspective of the theory of mathematical working spaces.

Sábháilte in:
Sonraí bibleagrafaíochta
Rannpháirtithe: Kuzniak, Alain (Eagarthóir), Montoya Delgadillo, Elizabeth (Eagarthóir), Richard, Philippe R. (Eagarthóir)
Formáid: LEABHAR
Foilsithe / Cruthaithe: Cham, Switzerland: Springer, 2022.
Sraith:Mathematics Education in the Digital Era
Ábhair:
Clibeanna: Cuir clib leis
Níl clibeanna ann, Bí ar an gcéad duine le clib a chur leis an taifead seo!

MARC

LEADER 00000nam a22000007a 4500
003 CL-VaPUC
005 20240830093044.0
008 220908t2022 ||||| |||| 00| 0 eng d
999 |c 438638  |d 438636 
020 |a 978-3-030-90849-2 
022 |a 2211-8136 
040 |c Pontificia Universidad Católica de Valparaíso 
082 7 |a 510.71 KUZ 2022  |2 22 
100 |a Kuzniak, Alain  |9 814729  |e editor 
245 |a Mathematical work in educational context.  |b The perspective of the theory of mathematical working spaces. 
260 |a Cham, Switzerland:   |b Springer,   |c 2022. 
300 |a 280 páginas. 
490 |a Mathematics Education in the Digital Era  |n  18. 
500 |a c.1. Donación Biblioteca MAT. Memo MAT 05/22. 18/08/2022 
583 |c 20220908  |k Catalogador Asistente 
650 0 |a Educación matemática  |9 869728  |x Formación de profesores 
650 0 |a Matemáticas  |x Estudio y enseñanza   |9 869535 
700 |a Montoya Delgadillo, Elizabeth  |e editor  |9 757574 
700 |a Richard, Philippe R.  |e editor  |9 876413 
942 |2 ddc  |c BK 
952 |0 0  |1 0  |2 ddc  |4 0  |6 510_710000000000000_KUZ_2022  |7 0  |8 A  |9 586629  |a BIBMAT  |b BIBMAT  |c E_DIDACT  |d 2022-09-08  |e Donación  |i 5654567  |l 2  |m 1  |o 510.71 KUZ 2022  |p 5654567  |r 2025-01-07  |s 2022-11-16  |t 1  |w 2022-09-08  |y BK  |k MAT